000 00456nam a22001217a 4500
999 _c10230
_d10230
003 OSt
008 201218b ||||| |||| 00| 0 eng d
245 _aIETE Technical Review
250 _a2013(Jan-Feb Vol.30 No.1, Mar-Apr Vol.30 No.2, Jul-Aug Vol.30 No.4, Sep-Oct Vol.30 No.5, Nov-Dec Vol.30 No.6)
260 _aNew Delhi
_bInstitution of Electronics and Telecommunication Engineers
650 _aElectronics and Communication Engineering
942 _2ddc
_cBV